|
|
|
|
| LEADER |
01581nam a2200241 i 4500 |
| 003 |
GR-PaULI |
| 005 |
20221004135333.0 |
| 008 |
201111s1991 gr ae |g b||| 00| 0 g d |
| 952 |
|
|
|0 0
|1 0
|2 ddc
|4 0
|6 930_100000000000000_ΑΡΧ
|7 0
|9 269407
|a MSLG
|b MSLG
|c BSC
|d 2021-01-17
|e 24
|f 0
|g 0.00
|l 0
|o 930.1 ΑΡΧ
|p 2420000014207
|r 2021-01-17 00:00:00
|t 1
|w 2021-01-17
|y BK15
|x 19991111 0 1
|x GrPaTEI
|
| 952 |
|
|
|0 0
|1 0
|2 ddc
|4 0
|6 930_100000000000000_ΑΡΧ
|7 0
|9 323433
|a LISP
|b LISP
|c BSC
|d 2021-02-10
|i 150867
|l 0
|o 930.1 ΑΡΧ
|p 025000277478
|r 2021-02-10 00:00:00
|t 2
|w 2021-02-10
|y BK15
|
| 999 |
|
|
|c 147958
|d 147958
|
| 020 |
|
|
|a 9608507839
|
| 040 |
|
|
|a GR-PaULI
|b gre
|c GR-PaULI
|d GR-AiPI
|e AACR2
|
| 041 |
0 |
|
|a gre
|
| 082 |
0 |
4 |
|a 930.1
|2 23
|
| 111 |
2 |
|
|a Αρχαιολογικό και ιστορικό συνέδριο Αιτωλοακαρνανίας
|n (1ο :
|d 1988 :
|c Αγρίνιο, Ελλάδα)
|9 184273
|
| 245 |
1 |
0 |
|a Πρακτικά Α' Αρχαιολογικού και ιστορικού συνεδρίου Αιτωλοακαρνανίας Αγρίνιο, 21-22-23 Οκτωβρίου 1988 :
|b μνημειακή κληρονομιά και ιστορία της Αιτωλοακαρνανίας.
|
| 260 |
|
|
|a Αγρίνιο :
|b Νομαρχία Αιτωλοακαρνανίας,
|c 1991.
|
| 300 |
|
|
|a 613 σ. :
|b εικ, σχεδ. ;
|c 30 εκ.
|
| 504 |
|
|
|6 Περιλαμβάνει βιβλιογραφικές παραπομπές και πίνακες.
|
| 651 |
|
4 |
|9 184275
|a Αιτωλοακαρνανία (Νομός)
|x Ιστορία
|v Συνέδρια
|
| 942 |
|
|
|2 ddc
|c BKD
|
| 998 |
|
|
|c ΚΟΚΟΤΟΥ
|d 2020-11
|